000 00346nam a2200133Ia 4500
008 190216s9999||||xx |||||||||||||| ||und||
100 _aMukherjee A & Hanif M
245 0 _aModern Accountancy Vol 2
250 _a2nd Ed.
260 _bTata Mcgraw Hill Publishing Company Ltd
_c2003
300 _a2239p
650 _aAccountancy
942 _cBK
999 _c6320
_d6320